Serum isoenzymes in certain hepatobiliary diseases / (رقم التسجيلة. 177000)

تفاصيل مارك
000 -LEADER
fixed length control field 01436namaa22003371i 4500
005 - أخر تعامل مع التسجيلة
control field 20260224120216.0
008 - FIXED-LENGTH DATA ELEMENTS--GENERAL INFORMATION
fixed length control field 251224s1995 ua a|||frm||| 000 0 eng d
040 ## - CATALOGING SOURCE
Original cataloguing agency EG-GICUC
Language of cataloging eng
Transcribing agency EG-GICUC
Modifying agency EG-GICUC
Description conventions rda
041 0# - LANGUAGE CODE
Language code of text/sound track or separate title eng
Language code of summary or abstract eng
-- ara
049 ## - Acquisition Source
Acquisition Source Deposit
097 ## - Degree
Degree Ph.D
099 ## - LOCAL FREE-TEXT CALL NUMBER (OCLC)
Local Call Number Cai01.11.03.Ph.D.1995.Ai.S.
100 0# - MAIN ENTRY--PERSONAL NAME
Authority record control number or standard number Aisha E. S. Eid,
Preparation preparation.
245 10 - TITLE STATEMENT
Title Serum isoenzymes in certain hepatobiliary diseases /
Remainder of title
Statement of responsibility, etc. By Aisha E. S. Eid; Supervised Prof. Yassin Abdal-Ghaffar, Prof. Bothaina El-Kammah, Prof. Samia Mostafa, Prof Yahya M. H. Shaker
246 15 - VARYING FORM OF TITLE
Title proper/short title شبيهات الانزيمات في مصل الدم في بعض امراض الكبد
264 #0 - PRODUCTION, PUBLICATION, DISTRIBUTION, MANUFACTURE, AND COPYRIGHT NOTICE
Date of production, publication, distribution, manufacture, or copyright notice 1995.
300 ## - PHYSICAL DESCRIPTION
Extent 268 Leaves :
Other physical details illustrations
Dimensions 30 cm. +
336 ## - CONTENT TYPE
Source rda content
Content type term text
337 ## - MEDIA TYPE
Source rdamedia
Media type term Unmediated
338 ## - CARRIER TYPE
Source rdacarrier
Carrier type term volume
502 ## - DISSERTATION NOTE
Dissertation note Thesis (Ph.D)-Cairo University, 1995.
504 ## - BIBLIOGRAPHY, ETC. NOTE
Bibliography, etc. note Bibliography: pages 206-261
653 #0 - INDEX TERM--UNCONTROLLED
Uncontrolled term hepatobiliary diseases
-- Serum isoenzymes
700 0# - ADDED ENTRY--PERSONAL NAME
Personal name Yassin Abdal-Ghaffar
Relator term thesis advisor.
700 0# - ADDED ENTRY--PERSONAL NAME
Personal name Bothaina El-Kammah
Relator term thesis advisor.
700 0# - ADDED ENTRY--PERSONAL NAME
Personal name Samia Mostafa
Relator term thesis advisor.
700 0# - ADDED ENTRY--PERSONAL NAME
Personal name Yahya M. H. Shaker
Relator term thesis advisor.
900 ## - Thesis Information
Department Department of Biochemistry
Faculties Faculty of Medicine
Universities Cairo University
Grant date 1995
Supervisory body Yassin Abdal-Ghaffar
-- Bothaina El-Kammah
-- Samia Mostafa
-- Yahya M. H. Shaker
905 ## - Cataloger and Reviser Names
Cataloger Name Nehad
Reviser Names Nourhan
942 ## - ADDED ENTRY ELEMENTS (KOHA)
Source of classification or shelving scheme Dewey Decimal Classification
Koha item type Thesis
Edition 21
Suppress in OPAC No
المقتنيات
Source of classification or shelving scheme Home library Current library Date acquired Inventory number Full call number Barcode Date last seen Effective from Koha item type
Dewey Decimal Classification المكتبة المركزبة الجديدة - جامعة القاهرة مكتبة المئوية 24.12.2025 26346 Cai01.11.03.Ph.D.1995.Ai.S 01010110026346000 24.12.2025 24.12.2025 Thesis
Cairo University Libraries Portal Implemented & Customized by: Eng. M. Mohamady Contacts: new-lib@cl.cu.edu.eg | cnul@cl.cu.edu.eg
CUCL logo CNUL logo
© All rights reserved — Cairo University Libraries
CUCL logo
Implemented & Customized by: Eng. M. Mohamady Contact: new-lib@cl.cu.edu.eg © All rights reserved — New Central Library
CNUL logo
Implemented & Customized by: Eng. M. Mohamady Contact: cnul@cl.cu.edu.eg © All rights reserved — Cairo National University Library